Do village design statements make a difference? (Record no. 76962)
[ view plain ]
| 000 -LEADER | |
|---|---|
| fixed length control field | 00956cab a2200193 4500 |
| 001 - CONTROL NUMBER | |
| control field | ##L133374 |
| 008 - FIXED-LENGTH DATA ELEMENTS--GENERAL INFORMATION | |
| fixed length control field | 060504n2006 000 0 eng u |
| 035 ## - SYSTEM CONTROL NUMBER | |
| System control number | (Sirsi) u133374 |
| 041 0# - LANGUAGE CODE | |
| Language code of text/sound track or separate title | eng |
| 100 1# - MAIN ENTRY--PERSONAL NAME | |
| Personal name | Hughes, Catherine |
| 245 00 - TITLE STATEMENT | |
| Title | Do village design statements make a difference? |
| 260 ## - PUBLICATION, DISTRIBUTION, ETC. | |
| Date of publication, distribution, etc. | 2006 |
| 490 ## - SERIES STATEMENT | |
| Series statement | Town & Country Planning |
| Volume/sequential designation | 75(4) April 2006, 119-121(3) |
| 520 ## - SUMMARY, ETC. | |
| Summary, etc. | Argues that village design statements are proving to be a popular and increasingly effective way of enabling communities to participate in the planning process and that their eligibility for supplementary planning guidance status needs to be preserved. Cites evidence from a recent study of the use of village design statements in the Kent Downs Area of Outstanding Natural Beauty. Notes. |
| 590 ## - LOCAL NOTE (RLIN) | |
| Local note | IKA090506 |
| 650 24 - SUBJECT ADDED ENTRY--TOPICAL TERM | |
| Topical term or geographic name entry element | VILLAGE DESIGN STATEMENTS |
| 690 ## - LOCAL SUBJECT ADDED ENTRY--TOPICAL TERM (OCLC, RLIN) | |
| Topical term or geographic name as entry element | ENVIRONMENTAL AND LAND CONSULTANCY-PLANNING AND DEVELOPMENT-PLANNING GUIDANCE |
| 942 ## - ADDED ENTRY ELEMENTS (KOHA) | |
| Suppress in OPAC | 0 |
| Withdrawn status | Lost status | Source of classification or shelving scheme | Damaged status | Not for loan | Home library | Current library | Shelving location | Date acquired | Total Checkouts | Full call number | Barcode | Date last seen | Copy number | Price effective from | Koha item type |
|---|---|---|---|---|---|---|---|---|---|---|---|---|---|---|---|
| Dewey Decimal Classification | London | London | Journal article | 04/05/2006 | L133374 | 133374-1001 | 06/08/2019 | 1 | 06/08/2019 | Journal article |